[Event "TUR Cup"]
[Site "Antalya"]
[Date "2019.01.27"]
[Round "1"]
[White "Cilek, Bora"]
[Black "Kiray, Tuncer Efe"]
[Result "0-1"]
[WhiteElo "1907"]
[BlackElo "1556"]
[PlyCount "86"]
[EventDate "2019.01.27"]
[EventType "swiss"]
[EventRounds "11"]
[EventCountry "TUR"]
[SourceTitle "CBM 188 Extra"]
[Source "ChessBase"]
[SourceDate "2019.02.26"]
[SourceVersion "1"]
[SourceVersionDate "2019.02.26"]
[SourceQuality "1"]

1. d4 Nf6 2. Bf4 c5 3. e3 cxd4 4. exd4 d6 5. c3 Bf5 6. Ne2 Qb6 7. Qb3 Nbd7 8. Ng3 Be6 9. Qxb6 Nxb6 10. Na3 Rc8 11. Bd3 Nc4 12. Nxc4 Bxc4 13. Bc2 e6 14. f3 d5 15. Kf2 Be7 16. Rhe1 0-0 17. Nf5 Rfe8 18. Nxe7+ Rxe7 19. g4 Ne8 20. a3 Rc6 21. b3 Ba6 22. Bd2 Nd6 23. a4 b6 24. Re3 Rb7 25. f4 b5 26. axb5 Nxb5 27. Bd3 Nc7 28. Bc2 Ne8 29. Rae1 Nf6 30. Kf3 Ne4 31. Bxe4 dxe4+ 32. Rxe4 Rxb3 33. d5 Rd6 34. dxe6 Bb7 35. e7 Re6 36. f5 Rxe7 37. Kf4 Bxe4 38. Rxe4 Rxe4+ 39. Kxe4 a5 40. c4 a4 41. c5 Kf8 42. c6 Ke7 43. Bf4 Rb4+ 0-1